000 00587nam a2200193Ia 4500
005 20250508165325.0
008 008 250505s9999 xx 000 0 hin d
037 _aTheses
040 _aFEDL
_beng
_cFEDL
041 _ahin
_2eng
084 _a491.430 7, THA/TH
_qFEDL
100 _aThakur Renu
_9779238
245 0 _aHindi shikshan ke madhyam se shiksharthiyon mein sahitiyik evam jeewan koushalon ka vikas: Ek adhyayan
260 _c2013
300 _a288p.
546 _aTheseses; C D Included
942 _cTH
_h491.430 7, THA/TH
999 _c1394454
_d1394454